00825 2200265 4500001002100000005001500021035002000036007000300056008004100059020002200100040002200122082001500144084001700159100003500176245009400211300004600305650002700351850001200378504003100390264004400421336002100465337003000486338002300516990002000539INLIS00000000086425720210901090552 a0010-0921000007ta210901s2008 jkia g ind d a978-979-27-2405-9 aYOPDYOGbinderda04223a658.81 a658.81 JEN s0 aJenu Widjaja Tandjungepenulis10aSpiritual selling :bhow to get and keep your customers /cpenulis, Jenu Widjaja Tandjung axiv, 92 halaman :btabel, gambar ;c21 cm 4aPemasaran--xManajemen aYOPDYOG aBibliografi: halaman 91-9231aJakarta :bElex Media Komputindo,c2008 2rdacontentateks 2rdamediaatanpa perantara 2rdacarrieravolume a67923-PD/A.2021